| 000 | 01580cam a2200241 i 4500 | ||
|---|---|---|---|
| 999 |
_c57810 _d57810 |
||
| 001 | 18526586 | ||
| 005 | 20221110153747.0 | ||
| 008 | 150312s2015 nyu b 001 0 eng | ||
| 020 | _a9780071845069x | ||
| 041 | _aeng | ||
| 080 | _a174.2:61 J-76 | ||
| 100 | 1 |
_aJonsen, Albert R., _99903 |
|
| 245 | 1 | 0 |
_aClinical ethics : _ba practical approach to ethical decisions in clinical medicine / _cAlbert R. Jonsen, PhD, Professor Emeritus of Ethics in Medicine, University of Washington School of Medicine, Seattle, Washington, Senior Ethics Scholar in Residence, California Pacific Medical Center, San Francisco, California, Mark Siegler, MD, Lindy Bergman Distinguished Service Professor of Medicine and Surgery, Director, MacLean Center for Clinical Medical Ethics, Executive Director, Bucksbaum Institute for Clinical Excellence, University of Chicago, Chicago, Illinois, William J. Winslade, PhD, JD, James Wade Rockwell Professor of Philosophy in Medicine, Institute for the Medical Humanities, Professor of Psychiatry and Preventive Medicine and Community Health, University of Texas Medical Branch, Galveston, Texas. |
| 250 | _aEighth edition. | ||
| 264 | 1 |
_aNew York : _bMcGraw-Hill Education, _c2015. |
|
| 300 |
_a244 p. ; _c24 cm. |
||
| 504 | _aIncludes bibliographical references and index. | ||
| 653 | _aკლინიკური ეთიკა | ||
| 653 | _aბიოეთიკური საკითხები | ||
| 700 | 1 |
_aSiegler, Mark, _d _eავტორი _99909 |
|
| 700 | 1 |
_aWinslade, William J., _eავტორი _99910 |
|
| 942 |
_2udc _cBK |
||